000 01537nam a2200337 c 4500
003 BLK
005 20180420215818.0
008 180413b bul|||||r ||||||| ||bul||
010 _aKNG00025370000
020 _a954-733-025-Х
_bиздат.: Прозорец
040 _aBLK
041 _aBUL
_cBUL
080 _aАмериканска литература (на САЩ)
_b821.111(73)
_x-312.9
_z821.111(73)-312.9
100 1 _aУингроув, Дейвид
_eпърви автор
_9132736
700 1 _aМилър, Ранд
_eсъавт.
_9266774
700 1 _aМилър, Робин
_eсъавт.
_9266775
700 1 _aЕфтимова, Здравка Василева
_eпрев. от англ.
_9266292
139 _aУингроув, Дейвид и др.
_bУ 41
245 1 0 _aКнига на Атрус
_bРоман
_cДейвид Уингроув; съавт. Ранд Милър; съавт. Робин Милър; прев. от англ. Здравка Василева Ефтимова.
257 _aUSA
260 София
_bПрозорец
_c1998
_fСофия : Балкан прес
300 _a256 с.
_c20 см
380 _aX
490 1 _aСерия Мист
500 _aОриг. загл. The Book of Atrus / David Wingrove, Rand Robin Miller. - Прев. е известна като Здравка Евтимова. - Офс. изд. - 1 500 тир.
852 _aЦб 197970
856 4 _qpdf
_u
856 4 _qpdf
_u
942 _cKNG
_n0
944 _aCR
_c15.01.2003
_kНаталия_Медовщикова
944 _aED
_c16.02.2009
_k
999 _c22917
_d22917